ბათუმის შოთა რუსთაველის სახელმწიფო უნივერსიტეტის ბიბლიოთეკა

სამედიცინო ტერმინოლოგიის ქართულ–ინგლისურ–რუსულ-ლათინური განმარტებითი ლექსიკონი / (ბიბ.ჩანაწერი № 34629)

000 -ლიდერი
ფიქსირებული სიგრძის საკონტროლო ველი 01478nam a2200289Ia 4500
001 - საკონტროლო ნომერი
საკონტროლო ველი 394
003 - საკონტროლო ნომრის იდენტიფიკატორი
საკონტროლო ველი GE_BSU
005 - ბოლო ოპერაციის თარიღი და დრო
საკონტროლო ველი 20200121165230.0
008 - ფიქსირებული სიგრძის მონაცემთა ელემენტები - ზოგადი ინფორმაცია
ფიქსირებული სიგრძის საკონტროლო ველი 181216s2009||||ge |||||||||||||| ||geo||
020 ## - წიგნის საერთაშორისო სტანდარტული ნომერი
International Standard Book Number 9789941101748
040 ## - კატალოგიზაციის წყარო
Transcribing agency GE_BSU
041 ## - ენის კოდი
Language code of text/sound track or separate title geo
080 ## - უნივერსალური ათობითი კლასიფიკაციის ინდექსი
Universal Decimal Classification number 61(038)+81.374.26.353.1=111=161.1=124 გ–60
100 ## - მთავარი ჩანაწერი - პიროვნების სახელი
Personal name გოგიჩაძე, გ.
9 (RLIN) 6293
245 ## - ცნობა სათაურის შესახებ
Title სამედიცინო ტერმინოლოგიის ქართულ–ინგლისურ–რუსულ-ლათინური განმარტებითი ლექსიკონი /
Statement of responsibility, etc გ. გოგიჩაძე, ა. გედენიძე, ჯ. ჭუმბურიძე ; [რედ.: ნოდარ ჭიჭინაძე, ალექსანდრე ქორელი].
264 ## - წარმოების, გამოცემის, დისტრიბუციის და სხვა ცნობები
გამოცემის, წარმოების, დისტრიბუციის... ადგილი თბილისი :
გამოცემის, წარმოების, დისტრიბუციის... სახელწოდება მერიდიანი,
გამოცემის, წარმოების, დისტრიბუციის... თარიღი 2009.
300 ## - ფიზიკური აღწერა
Extent 496 გვ.
Other physical details 19 სმ.
504 ## - BIBLIOGRAPHY, ETC. NOTE
Bibliography, etc ბიბლიოგრ.: გვ. 394-395.
653 ## - INDEX TERM--UNCONTROLLED
Uncontrolled term მედიცინა
653 ## - INDEX TERM--UNCONTROLLED
Uncontrolled term ტერმინოლოგია
700 ## - ADDED ENTRY--PERSONAL NAME
Personal name გედენიძე, ა.
Relator term ავტორი
9 (RLIN) 6294
700 ## - ADDED ENTRY--PERSONAL NAME
Personal name ჭუმბურიძე, ჯ.
Relator term ავტორი
9 (RLIN) 6295
700 ## - ADDED ENTRY--PERSONAL NAME
Personal name ჭიჭინაძე, ნოდარ
Relator term რედაქტორი
9 (RLIN) 6296
700 ## - ADDED ENTRY--PERSONAL NAME
Personal name ქორელი, ალექსანდრე
Relator term რედაქტორი
9 (RLIN) 6297
942 ## - ADDED ENTRY ELEMENTS (KOHA)
Koha item type წიგნი
Source of classification or shelving scheme
ეგზემპლარები
ჩამოწერის სტატუსი დაკარგული ეგზემპლარის სტატუსი კლასიფიკაციის წყარო ან თაროზე გაწყობის სქემა დაზიანების სტატუსი არ გაიცემა მუდმივი მდებარეობა (დაცვის ადგილი) ამჟამინდელი ადგილსამყოფელი თაროზე განთავსების ადგილი შეძენის თარიღი ღირებულება, შესყიდვის ნორმალური ფასი სრული შენახვის შიფრი შტრიხკოდი ბოლო ოპერაციის თარიღი ეგზემპლარის მიმდევრობითი ნომერი (კეტერი?) ფასის ძალაში შესვლის თარიღი ეგზემპლარის სახეობა საჯარო შენიშვნა
          ბათუმის შოთა რუსთაველის სახელმწიფო უნივერსიტეტის მთავარი ბიბლიოთეკა ბათუმის შოთა რუსთაველის სახელმწიფო უნივერსიტეტის მთავარი ბიბლიოთეკა წიგნსაცავი 2018-12-17 20.00 61(038)+81.374.26.353.1=111=161.1=124 გ–60 53 2018-12-17 53 2018-12-17 წიგნი 20 ლ.
          ბათუმის შოთა რუსთაველის სახელმწიფო უნივერსიტეტის მთავარი ბიბლიოთეკა ბათუმის შოთა რუსთაველის სახელმწიფო უნივერსიტეტის მთავარი ბიბლიოთეკა წიგნსაცავი 2018-12-17 20.00 61(038)+81.374.26.353.1=111=161.1=124 გ–60 54 2018-12-17 54 2018-12-17 წიგნი 20 ლ.
          ბათუმის შოთა რუსთაველის სახელმწიფო უნივერსიტეტის მთავარი ბიბლიოთეკა ბათუმის შოთა რუსთაველის სახელმწიფო უნივერსიტეტის მთავარი ბიბლიოთეკა წიგნსაცავი 2018-12-17 20.00 61(038)+81.374.26.353.1=111=161.1=124 გ–60 55 2018-12-17 55 2018-12-17 წიგნი 20 ლ.
          ბათუმის შოთა რუსთაველის სახელმწიფო უნივერსიტეტის მთავარი ბიბლიოთეკა ბათუმის შოთა რუსთაველის სახელმწიფო უნივერსიტეტის მთავარი ბიბლიოთეკა წიგნსაცავი 2018-12-17 20.00 61(038)+81.374.26.353.1=111=161.1=124 გ–60 56 2018-12-17 56 2018-12-17 წიგნი 20 ლ.
          ბათუმის შოთა რუსთაველის სახელმწიფო უნივერსიტეტის მთავარი ბიბლიოთეკა ბათუმის შოთა რუსთაველის სახელმწიფო უნივერსიტეტის მთავარი ბიბლიოთეკა წიგნსაცავი 2018-12-17 20.00 61(038)+81.374.26.353.1=111=161.1=124 გ–60 57 2018-12-17 57 2018-12-17 წიგნი 20 ლ.
          ბათუმის შოთა რუსთაველის სახელმწიფო უნივერსიტეტის მთავარი ბიბლიოთეკა ბათუმის შოთა რუსთაველის სახელმწიფო უნივერსიტეტის მთავარი ბიბლიოთეკა წიგნსაცავი 2018-12-17 20.00 61(038)+81.374.26.353.1=111=161.1=124 გ–60 58 2018-12-17 58 2018-12-17 წიგნი 20 ლ.
          ბათუმის შოთა რუსთაველის სახელმწიფო უნივერსიტეტის მთავარი ბიბლიოთეკა ბათუმის შოთა რუსთაველის სახელმწიფო უნივერსიტეტის მთავარი ბიბლიოთეკა წიგნსაცავი 2018-12-17 20.00 61(038)+81.374.26.353.1=111=161.1=124 გ–60 59 2018-12-17 59 2018-12-17 წიგნი 20 ლ.
          ბათუმის შოთა რუსთაველის სახელმწიფო უნივერსიტეტის მთავარი ბიბლიოთეკა ბათუმის შოთა რუსთაველის სახელმწიფო უნივერსიტეტის მთავარი ბიბლიოთეკა წიგნსაცავი 2018-12-17 20.00 61(038)+81.374.26.353.1=111=161.1=124 გ–60 60 2018-12-17 60 2018-12-17 წიგნი 20 ლ.
          ბათუმის შოთა რუსთაველის სახელმწიფო უნივერსიტეტის მთავარი ბიბლიოთეკა ბათუმის შოთა რუსთაველის სახელმწიფო უნივერსიტეტის მთავარი ბიბლიოთეკა წიგნსაცავი 2018-12-17 20.00 61(038)+81.374.26.353.1=111=161.1=124 გ–60 61 2018-12-17 61 2018-12-17 წიგნი 20 ლ.
          ბათუმის შოთა რუსთაველის სახელმწიფო უნივერსიტეტის მთავარი ბიბლიოთეკა ბათუმის შოთა რუსთაველის სახელმწიფო უნივერსიტეტის მთავარი ბიბლიოთეკა წიგნსაცავი 2018-12-17 20.00 61(038)+81.374.26.353.1=111=161.1=124 გ–60 62 2018-12-17 62 2018-12-17 წიგნი 20 ლ.
          ბათუმის შოთა რუსთაველის სახელმწიფო უნივერსიტეტის მთავარი ბიბლიოთეკა ბათუმის შოთა რუსთაველის სახელმწიფო უნივერსიტეტის მთავარი ბიბლიოთეკა წიგნსაცავი 2018-12-17 20.00 61(038)+81.374.26.353.1=111=161.1=124 გ–60 63 2018-12-17 63 2018-12-17 წიგნი 20 ლ.